000 00587cam a2200217ua 4500
001 11187
005 20260515114722.0
008 190902n ii |||gr||||Z||||||eng
020 _a9780199453528
040 _cMAIN
041 _aeng
082 _a323.4
100 _aAshwani Peetush,
_eEditor.
245 _aHuman rights :
_bIndia and the west /
_cEd by Ashwani Peetush and Jay drydyk .
250 _a1st ed.
260 _aNew Delhi:
_bOxford university press,
_c2015.
300 _a350p.
653 _aCivil & political rights
700 _aJay Drydyk,
_eEditor.
942 _cBK
999 _c10040
_d10040